[Event "IV RUS-CHN Match"]
[Site "Nizhniy Novgorod RUS"]
[Date "2007.08.26"]
[Round "6"]
[White "Huang Qian"]
[Black "Kovalevskaya,E"]
[Result "0-1"]
[WhiteElo "2410"]
[BlackElo "2454"]

1.d4 Nf6 2.c4 e6 3.Nc3 Bb4 4.Nf3 b6 5.Bg5 Bb7 6.Nd2 h6 7.Bh4 O-O 8.Qc2 Be7
9.e4 c5 10.dxc5 bxc5 11.Qb3 Bc6 12.Bg3 Nh5 13.O-O-O d6 14.Bd3 Nd7 15.Qc2 Rb8
16.Be2 Nxg3 17.hxg3 Qa5 18.f4 Bf6 19.Nb3 Qc7 20.g4 Bxc3 21.Qxc3 Bxe4 22.g5 d5
23.Qe3 f5 24.gxh6 g6 25.h7+ Kh8 26.Rh6 Rf6 27.g3 d4 28.Qd2 e5 29.Rh4 Ra6
30.fxe5 Rxb3 31.Rxe4 Rxa2 32.Rxd4 cxd4 33.e6 Qb6 34.Qxd4+ Qxd4 35.Rxd4 Nf6
36.Rd2 Re3 37.c5 Ra1+ 38.Kc2 Ra5 39.Rd8+ Kxh7 40.Kd2 Rxe6 41.Bc4 Re8  0-1

[Event "Kalamaria Open"]
[Site "Thessaloniki GRE"]
[Date "2007.08.29"]
[Round "6"]
[White "Stocek,J"]
[Black "Shavtvaladze,N"]
[Result "1/2-1/2"]
[WhiteElo "2572"]
[BlackElo "2386"]

1.d4 Nf6 2.c4 e6 3.Nc3 Bb4 4.Nf3 c5 5.g3 Ne4 6.Qc2 Qa5 7.Qxe4 Bxc3+ 8.Kd1 Bxd4
9.Nxd4 cxd4 10.Qxd4 O-O 11.Bd2 Qc7 12.Bc3 f6 13.Bg2 Nc6 14.Qf4 Ne5 15.Rc1 d6
16.Kc2 Bd7 17.Rhd1 Bc6 18.Bh3 Rfe8 19.Kb1 Nf7 20.f3 Rad8 21.Bf1 e5 22.Qd2 b6
23.e4 f5 24.exf5 Bxf3 25.Re1 Bg4 26.Bd3 Qd7 27.Rf1 e4 28.Qf4 Bxf5 29.Bc2 Bg6
30.Rce1 Ne5 31.Bxe4 Nd3 32.Bd5+ Kh8 33.Rxe8+ Qxe8 34.Bxg7+ Kxg7 35.Qf6+ Kh6
36.Qh4+ Kg7 37.Qf6+ Kh6 38.Qh4+  1/2-1/2

[Event "Kalamaria Open"]
[Site "Thessaloniki GRE"]
[Date "2007.09.01"]
[Round "9"]
[White "Gelashvili,T"]
[Black "Graf,A"]
[Result "1-0"]
[WhiteElo "2604"]
[BlackElo "2595"]

1.d4 Nf6 2.c4 e6 3.Nc3 Bb4 4.Nf3 c5 5.g3 b6 6.Bg2 Bb7 7.O-O O-O 8.d5 Bxc3
9.bxc3 Ne4 10.Qd3 f5 11.Nd2 Nd6 12.e4 Na6 13.e5 Nf7 14.f4 Rb8 15.a4 Nc7 16.d6 Na6
17.Bxb7 Rxb7 18.Nb3 Nb8 19.Be3 Nc6 20.Qe2 Kh8 21.h3 Rb8 22.Nd2 Na5 23.Kh2 Qc8
24.Rg1 Qc6 25.g4 Rg8 26.Rg2 Rbf8 27.Qd3 Qc8 28.Rag1 Nc6 29.Nf3 Qd8 30.gxf5 exf5
31.Ng5 Nxg5 32.Rxg5 g6 33.Bf2 Qe8 34.R5g2 h6 35.Qd5 Kh7 36.Bh4 g5 37.fxg5 Qxe5+
38.Kh1 Qxc3 39.Be1 Qd4 40.g6+ Kg7 41.Re2 Qf6 42.Re7+ Nxe7 43.dxe7 Qxe7 44.Bc3+ Rf6
45.Re1 Qd8 46.Qf7+  1-0

[Event "IX Sants Open"]
[Site "Barcelona ESP"]
[Date "2007.09.02"]
[Round "10"]
[White "Pinter,J"]
[Black "Panelo,M"]
[Result "1/2-1/2"]
[WhiteElo "2535"]
[BlackElo "2398"]

1.d4 Nf6 2.c4 e6 3.Nc3 Bb4 4.Nf3 O-O 5.Bg5 c5 6.e3 h6 7.Bh4 cxd4 8.Nxd4 Qa5
9.Qc2 Ne4 10.Rc1 d5 11.f3 Nxc3 12.bxc3 Ba3 13.Rb1 e5 14.Nb3 Qa4 15.Na1 Qc6
16.Qb3 Qg6 17.cxd5 Bc5 18.Bf2 Nd7 19.Qc2 f5 20.Nb3 Bb6 21.Nd2 Nf6 22.Qb3 Kh8
23.Rd1 Bc5 24.g3 Qh5 25.Bg2 f4 26.c4 fxg3 27.Bxg3 e4 28.Qc3 exf3 29.Bxf3 Bg4
30.O-O Bxf3 31.Nxf3 Ng4 32.Nd4 Nxh2 33.Ne6 Qg4 34.Kxh2 Qe2+ 35.Kh3 Qh5+ 36.Bh4 Rf3+
37.Rxf3 Qxf3+ 38.Bg3 Qh5+ 39.Kg2 Qe2+  1/2-1/2

[Event "Open"]
[Site "Peiraias GRE"]
[Date "2007.09.02"]
[Round "2"]
[White "Savoglou,N"]
[Black "Kalesis,N"]
[Result "1-0"]
[WhiteElo "1934"]
[BlackElo "2459"]

1.d4 Nf6 2.c4 e6 3.Nc3 Bb4 4.Nf3 c5 5.g3 Ne4 6.Qd3 Qa5 7.Qxe4 Bxc3+ 8.Bd2 Bxd2+
9.Nxd2 Nc6 10.dxc5 b6 11.Bg2 Bb7 12.Qf4 Qxc5 13.a3 O-O 14.b4 Qe7 15.O-O f5
16.Nb3 Nd8 17.Rfd1 Rc8 18.Qd6 Rf7 19.Qxe7 Rxe7 20.Rac1 Bxg2 21.Kxg2 Nb7 22.c5 bxc5
23.Nxc5 d5 24.Nxb7 Rxc1 25.Rxc1 Rxb7 26.Rc5 Kf7 27.Kf3 Rd7 28.Ke3 e5 29.f4 d4+
30.Kd2 exf4 31.Rxf5+ Ke6 32.Rxf4 Rd6 33.a4 a5 34.b5 Kd5 35.Kd3 Kc5 36.h4 h5
37.g4 hxg4 38.Rxg4 Rd7 39.h5 Rd5 40.Rxg7 Rxh5 41.Rc7+ Kd5 42.Rd7+ Ke5 43.Rxd4 Rh1
44.e3 Rc1 45.Rc4 Ra1 46.e4 Ra3+ 47.Kc2 Rh3 48.b6 Rh7 49.Rc5+ Kxe4 50.Rxa5 Rb7
51.Rb5 Kd4 52.Kb3  1-0

[Event "4th LGA Premium Cup"]
[Site "Nuernberg GER"]
[Date "2007.09.08"]
[Round "5"]
[White "Jahnel,G"]
[Black "Farago,I"]
[Result "1-0"]
[WhiteElo "2315"]
[BlackElo "2501"]

1.d4 Nf6 2.c4 e6 3.Nc3 Bb4 4.Nf3 b6 5.Bg5 h6 6.Bh4 Bb7 7.e3 Bxc3+ 8.bxc3 d6
9.Nd2 g5 10.Bg3 Nc6 11.Bd3 Qe7 12.O-O O-O-O 13.f4 Rdg8 14.Qe2 Nd7 15.Ne4 f5
16.Nd2 h5 17.d5 Nd8 18.Nf3 h4 19.Be1 exd5 20.Nxg5 Ne6 21.Nf3 dxc4 22.Bxc4 Ndc5
23.a4 a5 24.Qa2 Rg6 25.Bd5 Nd8 26.Bxb7+ Ndxb7 27.Bf2 Qe4 28.Ng5 Qe7 29.Qd5 Qd7
30.Ra2 Kb8 31.e4 fxe4 32.Nxe4 h3 33.g3 Nxe4 34.Qxe4 Re6 35.Qd5 Qe7 36.Qf3 Nc5
37.f5 Rf8 38.Qg4 Re5 39.Bxc5 Rexf5 40.Raf2  1-0

[Event "12th ch-Asia w"]
[Site "Tehran IRI"]
[Date "2007.09.08"]
[Round "6"]
[White "Karavade,E"]
[Black "Ghader Pour,S"]
[Result "1-0"]
[WhiteElo "2367"]
[BlackElo "2190"]

1.d4 Nf6 2.c4 e6 3.Nc3 Bb4 4.Nf3 c5 5.g3 cxd4 6.Nxd4 Ne4 7.Qd3 Qa5 8.Nb3 Nxc3
9.Bd2 Ne4 10.Qxe4 Bxd2+ 11.Nxd2 O-O 12.Bg2 Nc6 13.Qd3 Qe5 14.Rb1 Rd8 15.O-O d5
16.cxd5 exd5 17.Nf3 Qf6 18.Qd2 d4 19.Rbc1 Be6 20.a3 h6 21.Rc5 Bd5 22.b4 b6
23.Rcc1 Rd7 24.Rfd1 Re8 25.b5 Na5 26.Qxd4 Qd8 27.Qb2 Nb3 28.Rb1 Bxf3 29.Rxd7 Qxd7
30.Bxf3 Nd4 31.Kg2 Nxf3 32.exf3 Qd3 33.Qb3 Rd8 34.Rb2 Rd4 35.Qa2 h5 36.Rb3 Qc4
37.Qb1 Rd2 38.Re3 Rc2 39.Re4 Qd3 40.Qb4 Rc5 41.a4 Rc1 42.Re1 Rxe1 43.Qxe1 Qd7
44.Qe4 g6 45.h4 Kh7 46.g4 hxg4 47.fxg4 Kg7 48.Kg3 Qd6+ 49.Kg2 Qd7 50.Qe5+ Kh7
51.Kg3 Qd3+ 52.f3 Qf1 53.Qd5 Qg1+ 54.Kf4 Qc1+ 55.Ke5 Kg7 56.Kd6 Qc8 57.Qc6 Qd8+
58.Qd7 Qf6+ 59.Kc7 Qxf3 60.Qd4+ Kg8 61.Kb8 Qg3+ 62.Kxa7 Qc7+ 63.Ka6 Kh7 64.g5 Qb8
65.Qxb6 Qf4 66.a5 Qxh4 67.Qf6 Qc4 68.Qc6 Qe2 69.Qf6 Kg8 70.Qd8+ Kh7 71.Qd5 Kg7
72.Kb6 Qe3+ 73.Qc5 Qe6+ 74.Kb7 Qd7+ 75.Kb6 Qd8+ 76.Qc7 Qd4+ 77.Ka6 Qd3 78.Kb6 Qd4+
79.Kb7 Qd5+ 80.Qc6 Qxg5 81.Qc3+ Kh7 82.b6 Qd5+ 83.Ka7 Qd7+ 84.b7 Qe7 85.Qd4 Qc7
86.Qd5 Qe7 87.Qc6 Qe5 88.a6  1-0

[Event "4th LGA Premium Cup"]
[Site "Nuernberg GER"]
[Date "2007.09.09"]
[Round "6"]
[White "Jahnel,G"]
[Black "Haba,P"]
[Result "0-1"]
[WhiteElo "2315"]
[BlackElo "2526"]

1.d4 Nf6 2.c4 e6 3.Nc3 Bb4 4.Nf3 c5 5.e3 Nc6 6.Bd3 Bxc3+ 7.bxc3 d6 8.O-O e5
9.Ng5 O-O 10.f4 exd4 11.cxd4 cxd4 12.exd4 h6 13.Nf3 d5 14.h3 Re8 15.Rb1 b6
16.Qa4 Bd7 17.cxd5 Ne7 18.Qa3 Nfxd5 19.Bd2 Bf5 20.Rbe1 Bxd3 21.Qxd3 Qd6 22.Ne5 Nc6
23.Rc1 Rac8 24.Rc4 Nce7 25.f5 f6 26.Ng6 Rxc4 27.Qxc4 Kh7 28.Re1 Qd7 29.g4 Rc8
30.Qd3 Nxg6 31.fxg6+ Kg8 32.Qe4 Kf8 33.Bc1 b5 34.Bd2 Re8 35.Qc2 Rxe1+ 36.Bxe1 Qe6
37.Qc5+ Ke8 38.Bf2 a6 39.Qa7 Ne7 40.Qa8+ Qc8 41.Qe4 Kf8 42.d5 Qc4 43.Qe6 Qxd5
44.Qxa6 Nxg6 45.Qc8+ Kf7 46.Qc7+ Kg8 47.Qc8+ Kh7 48.Qc2 h5 49.gxh5 Qxh5 50.Kh2 Qf3
51.Bg3 f5 52.Be1 Ne5 53.a3 Nd3 54.Bh4 Kh6 55.Be7 Nf4 56.h4 Qh3+ 57.Kg1 Qe3+  0-1

[Event "2nd Women's"]
[Site "Baku AZE"]
[Date "2007.09.11"]
[Round "8"]
[White "Cmilyte,V"]
[Black "Cramling,P"]
[Result "1/2-1/2"]
[WhiteElo "2467"]
[BlackElo "2533"]

1.d4 Nf6 2.c4 e6 3.Nc3 Bb4 4.Nf3 b6 5.Bg5 Bb7 6.Nd2 h6 7.Bh4 Be7 8.e4 Nxe4
9.Bxe7 Nxc3 10.Bxd8 Nxd1 11.Bxc7 Nxb2 12.a4 d5 13.cxd5 exd5 14.Rb1 Nc4 15.Nxc4 dxc4
16.Bxc4 Kd7 17.Bf4 Re8+ 18.Be3 Re7 19.O-O Ba6 20.Bb5+ Bxb5 21.axb5 Kd8 22.d5 Nd7
23.Ra1 Re4 24.h3 Rb4 25.Rfb1 Rxb1+ 26.Rxb1 Ke7 27.Bf4 Nc5 28.g4 Kd7 29.Kg2 a5
30.bxa6 Rxa6 31.Rb5 Na4 32.Be3 Nc3 33.Rxb6 Rxb6 34.Bxb6 Nxd5  1/2-1/2

[Event "60th ch-RUS Higher League"]
[Site "Krasnoyarsk RUS"]
[Date "2007.09.11"]
[Round "8"]
[White "Lastin,A"]
[Black "Kornev,Alexei"]
[Result "1/2-1/2"]
[WhiteElo "2583"]
[BlackElo "2567"]

1.d4 Nf6 2.c4 e6 3.Nc3 Bb4 4.Nf3 b6 5.Bg5 Bb7 6.Nd2 h6 7.Bh4 Nc6 8.e3 Ne7
9.f3 Nf5 10.Bf2 c5 11.Bd3 cxd4 12.exd4 O-O 13.Qb3 Bxc3 14.bxc3 d5 15.O-O  1/2-1/2

[Event "60th ch-RUS Higher League"]
[Site "Krasnoyarsk RUS"]
[Date "2007.09.11"]
[Round "8"]
[White "Yakovich,Yur"]
[Black "Khairullin,I"]
[Result "1/2-1/2"]
[WhiteElo "2597"]
[BlackElo "2567"]

1.d4 Nf6 2.c4 e6 3.Nc3 Bb4 4.Nf3 b6 5.Qc2 Bb7 6.a3 Bxc3+ 7.Qxc3 O-O 8.e3 d6
9.Be2 Nbd7 10.O-O d5 11.b4 dxc4 12.Qxc4 Qc8 13.Bb2 Bd5 14.Qa6 c5 15.Rfc1 Ne4
16.Qxc8 Raxc8 17.Ba6 Rc7 18.dxc5 bxc5 19.Nd4 Nd6 20.a4 c4 21.f3 Nb8 22.b5 f5
23.Ba3 Rd7 24.Nc6 Nxa6 25.Ne5 Rdd8 26.bxa6 Rfe8 27.Rab1 h6 28.Rb2 Nf7 29.Nxc4 Bxc4
30.Rxc4 Rd1+ 31.Kf2 Ne5 32.Rc7 Nd3+ 33.Ke2 Nxb2 34.Bxb2 Rg1 35.Rxg7+ Kf8
36.Kf2 Rd1 37.Rb7 e5 38.Ba3+ Kg8 39.Rxa7 Ra1 40.Be7 Rxa4 41.g4 fxg4 42.fxg4 Kf7
43.Bc5+ Kg6 44.Kg3 h5 45.h3 hxg4 46.hxg4 Re6 47.Ra8 Raxa6 48.Rxa6 Rxa6 49.Kf3 Kf6
50.e4 Ke6 51.Be3 Ra3 52.Kf2 Kd6 53.Bg5 Ra2+ 54.Ke3 Ra3+ 55.Kf2 Ra2+ 56.Ke3 Ra1
57.Bf6 Rg1 58.g5 Ke6 59.Kf3 Re1 60.Bh8 Rb1 61.Bf6 Rb5 62.Ke3 Kf7 63.Kf3 Kg6
64.Kg4 Rc5 65.Bh8 Rc4  1/2-1/2

[Event "17th ch-EU U16 Girls"]
[Site "Sibenik CRO"]
[Date "2007.09.23"]
[Round "9"]
[White "Ni,V"]
[Black "Clopes Llahi,J"]
[Result "1-0"]
[WhiteElo "2147"]
[BlackElo "2020"]

1.d4 Nf6 2.c4 e6 3.Nc3 Bb4 4.Nf3 c5 5.e3 O-O 6.Bd3 d5 7.O-O Nc6 8.a3 Ba5
9.Na4 cxd4 10.exd4 dxc4 11.Bxc4 Nd5 12.Bg5 f6 13.Bh4 Bc7 14.Re1 b6 15.Nc3 Nce7
16.Qb3 Kh8 17.Bg3 Bxg3 18.hxg3 Nxc3 19.bxc3 Nd5 20.Re4 Nc7 21.Bd3 Bb7 22.Rh4 h6
23.Be4 Bxe4 24.Rxe4 Qd5 25.Qc2 Rac8 26.Nh4 Rfe8 27.Ng6+ Kg8 28.Nf4 Qd6 29.Nh5 f5
30.Re5 Nd5 31.c4 Ne7 32.Rd1 Nc6 33.Re3 Nxd4 34.Qa4 Re7 35.Red3 e5 36.Nf4 Qc6
37.Qb4 Qc5 38.Nd5 Qxb4 39.axb4 Ree8 40.Ne3 Rc7 41.Kf1 g5 42.Nd5 Rf7 43.f4 Nc6
44.Re3 e4 45.Ke2 Kg7 46.Ra3 Rd8 47.b5 Na5 48.c5 Rfd7 49.Nc3 Rxd1 50.Nxd1 Kf6
51.Ne3 Ke6 52.g4 fxg4 53.f5+ Ke5 54.Nxg4+ Kxf5 55.Nxh6+ Ke6 56.c6 Kd6 57.Nf7+ Kc7
58.Nxd8 Kxd8 59.Rg3 a6 60.bxa6 Nxc6  1-0

[Event "6th ch-Asia"]
[Site "Cebu City PHI"]
[Date "2007.09.26"]
[Round "8"]
[White "Li Shilong"]
[Black "Rohit,G"]
[Result "0-1"]
[WhiteElo "2547"]
[BlackElo "2470"]

1.d4 Nf6 2.c4 e6 3.Nf3 Bb4+ 4.Nc3 b6 5.e3 Bb7 6.Bd3 O-O 7.O-O d5 8.cxd5 exd5
9.a3 Bd6 10.b4 Re8 11.b5 a6 12.a4 axb5 13.Nxb5 Bf8 14.Ba3 Bxa3 15.Rxa3 c6
16.Nc3 Nbd7 17.Qc2 Ba6 18.Bxa6 Rxa6 19.Ra2 Qa8 20.Rc1 h6 21.Nd2 Re6 22.h3 Ne8
23.Ne2 Nc7 24.Nf4 Rf6 25.Nf3 c5 26.Ne5 Nxe5 27.dxe5 Rc6 28.e4 dxe4 29.Qxe4 Ne6
30.Nd5 Rc7 31.Qd3 Rca7 32.Nc3 Qxg2+ 33.Kxg2 Nf4+ 34.Kg3 Nxd3 35.Rd1 Nxe5
36.Re2 Nc6 37.Re8+ Kh7 38.Rd6 Nd4 39.Rdd8 b5 40.Nxb5 Rg6+ 41.Kf4 Rf6+ 42.Kg3 Nf5+
43.Kh2 Rxa4 44.Nc3 Rd4 45.Ne4 Rc6 46.Ra8 c4 47.Ra5 Nh4 48.Ra3 f5 49.Nc3 Rg6
50.Kh1 Nf3  0-1

[Event "16th Monarch Assurance"]
[Site "Port Erin IOM"]
[Date "2007.09.27"]
[Round "6"]
[White "Moiseenko,A1"]
[Black "Iordachescu,V"]
[Result "1/2-1/2"]
[WhiteElo "2641"]
[BlackElo "2584"]

1.d4 Nf6 2.c4 e6 3.Nc3 Bb4 4.Nf3 c5 5.g3 Nc6 6.Bg2 Ne4 7.Bd2 Bxc3 8.bxc3 O-O
9.Be3 d5 10.dxc5 dxc4 11.Qa4 Nxc3 12.Qxc4 Nd5 13.Bd2 Nde7 14.Qe4 f6 15.O-O e5
16.Qc4+ Kh8 17.Rfd1 Qe8 18.Bc3 Nf5 19.e4 Nh6 20.Bd2 Nf7 21.Be3 Bg4 22.h3 Be6
23.Qb5 Qc8 24.Kh2 Rd8 25.Rxd8+ Nfxd8 26.Nd2 Qd7 27.Nb3 Rc8 28.Rb1 Rc7 29.Qe2 Qf7
30.Qe1  1/2-1/2

[Event "WJun"]
[Site "Yerevan ARM"]
[Date "2007.10.03"]
[Round "1"]
[White "Melkumyan,H"]
[Black "Javakhadze,Z"]
[Result "1-0"]
[WhiteElo "2469"]
[BlackElo "2167"]

1.d4 Nf6 2.c4 e6 3.Nf3 Bb4+ 4.Nc3 O-O 5.Bg5 d5 6.cxd5 exd5 7.e3 c6 8.Bd3 Nbd7
9.Qc2 h6 10.Bh4 Re8 11.O-O a5 12.Rab1 Bd6 13.a3 Nf8 14.b4 Bg4 15.Nd2 Bh5
16.Bg3 Bg6 17.Bxg6 Nxg6 18.Na4 axb4 19.axb4 Bxg3 20.hxg3 h5 21.Nc5 h4 22.gxh4 Nxh4
23.Qd1 Ra2 24.Nd3 Rxd2 25.Qxd2 Nf3+ 26.gxf3 Ne4 27.Rfd1 Nxd2 28.Rxd2 Qh4
29.Kg2 Re6 30.Rdd1 Qg5+ 31.Kf1 Qf5 32.Ke2 Rf6 33.f4 Rh6 34.Rg1 Qe4 35.Ra1 g6
36.Ra7 b6 37.Rc1 Qe6 38.Ne5 Rh2 39.Rxc6 Qf5 40.Rxf7 Qh5+ 41.Kd2 Rxf2+ 42.Kc3 Qh3
43.Kb3 b5 44.Rxg6+ Kh8 45.Rf8+ Kh7 46.Rc6 Rg2 47.Rc7+ Rg7 48.Rcc8 Rg8 49.Rxg8 Qxe3+
50.Rc3 Qe1 51.Rg2 Qb1+ 52.Rb2 Qd1+ 53.Ka2 Qxd4 54.Rg3  1-0

[Event "WJun"]
[Site "Yerevan ARM"]
[Date "2007.10.04"]
[Round "2"]
[White "Vovk,Y"]
[Black "Pileckis,E"]
[Result "1/2-1/2"]
[WhiteElo "2561"]
[BlackElo "2349"]

1.d4 Nf6 2.c4 e6 3.Nc3 Bb4 4.Nf3 b6 5.Bg5 Bb7 6.Nd2 Be7 7.e4 d6 8.Be3 Nbd7
9.Be2 O-O 10.O-O c5 11.d5 Ne8 12.f4 Bf6 13.Nf3 Nc7 14.dxe6 Nxe6 15.f5 Ng5
16.Bxg5 Bxg5 17.Nxg5 Qxg5 18.Qxd6 Nf6 19.Qf4 Qxf4 20.Rxf4 Rfe8 21.Bf3 Rad8
22.Nd5 Re5 23.Kf2 Bxd5 24.exd5 Ne8 25.Be4 Nd6 26.Bd3 f6 27.a3 b5 28.cxb5 Rxd5
29.Rd1 Kf8 30.Be2 Rxd1 31.Bxd1 Nxb5 32.Bh5 Rd4 33.Ke3 Rxf4 34.Kxf4 Nd6 35.Be2 Ke7
36.g4 h6 37.Ke3 Nc8 38.Bc4 Kd6 39.Be6 Nb6 40.Ke4 Na4 41.b3 Nc3+ 42.Kd3 Nb5
43.a4 Nd4 44.Kc4 a6 45.Bc8 a5 46.Bb7 h5 47.gxh5 Nxf5 48.Kb5 Nd4+ 49.Kxa5 Kc7
50.Bd5 f5 51.b4 f4 52.b5 f3 53.b6+ Kb8 54.Bxf3 Nxf3 55.Kb5 Nxh2 56.a5 c4
57.Kxc4 Kb7 58.Kb5 Ng4 59.a6+ Kb8 60.Kc6 Ne5+ 61.Kd5 Nd7 62.Ke6 Nxb6 63.Kf7 Nd5
64.Kxg7 Ne7 65.Kf7 Nf5 66.Kg6 Ne7+ 67.Kf6 Ng8+ 68.Kf7 Nh6+ 69.Kg6 Ng4 70.Kg5 Ne5  1/2-1/2

[Event "Open"]
[Site "Corfu GRE"]
[Date "2007.10.05"]
[Round "5"]
[White "Marek,H"]
[Black "Girvalakis,S"]
[Result "0-1"]
[WhiteElo "1953"]
[BlackElo "2083"]

1.d4 Nf6 2.c4 e6 3.Nf3 Bb4+ 4.Nc3 b6 5.e3 Bb7 6.Bd3 O-O 7.O-O d6 8.a3 Bxc3
9.bxc3 Nbd7 10.Re1 e5 11.e4 Re8 12.Qc2 Re6 13.d5 Re8 14.Bg5 h6 15.Bh4 Nc5
16.Rad1 Bc8 17.h3 Bd7 18.Qc1 Kh8 19.Bc2 Rg8 20.Kh1 g5 21.Nxg5 hxg5 22.Bxg5 Rg6
23.f4 Qg8 24.h4 Ng4 25.Re2 f6 26.f5 Rg7 27.Bd2 Qh7 28.g3 Rag8 29.Rg1 Bc8
30.Qf1 Qh5 31.Reg2 Rh7 32.Qe2 Kg7 33.Bd1 Kf8 34.Be1 a5 35.Bf2 Nxf2+ 36.Qxf2 Nxe4
37.Qe1 Nxg3+ 38.Rxg3 Qxh4+ 39.Kg2 Rxg3+ 40.Qxg3 Rg7  0-1

[Event "WJun"]
[Site "Yerevan ARM"]
[Date "2007.10.05"]
[Round "3"]
[White "Andreikin,D"]
[Black "Margvelashvili,G"]
[Result "1/2-1/2"]
[WhiteElo "2555"]
[BlackElo "2451"]

1.d4 Nf6 2.c4 e6 3.Nc3 Bb4 4.Nf3 b6 5.Bg5 Bb7 6.Nd2 h6 7.Bh4 c5 8.d5 Bxc3
9.bxc3 d6 10.e4 Nbd7 11.Bd3 e5 12.Nf1 Nf8 13.Ne3 g5 14.Bg3 Ng6 15.h4 Bc8
16.Bc2 Rg8 17.hxg5 hxg5 18.Qd2 Bd7 19.Rh6 Qe7 20.O-O-O O-O-O 21.Rdh1 Rh8
22.Rxh8 Rxh8 23.Rxh8+ Nxh8 24.Nf5 Bxf5 25.Qxg5 Bd7 26.Bh4 Nxd5 27.Qh6 Qe8
28.cxd5 Ng6 29.Bf6 Ba4 30.Bd3 Bb5 31.c4 Bd7 32.g3 b5 33.f4 bxc4 34.Bb1 Kc7
35.Qh2 Ba4 36.Qf2 c3 37.Bd3 c2 38.Qd2 Kb6 39.f5 Nf8 40.Qh6 Kc7 41.Qd2 Kb6
42.Qh6 Kc7 43.Qd2 Kb6 44.Bxc2 Bxc2 45.Qxc2 Nd7 46.Bh4 Kb7 47.Qa4 Qc8 48.Qb5+ Nb6
49.a4 a6 50.Qb3 a5 51.Qb5 Qf8 52.Qc6+ Ka7 53.Kc2 f6 54.Qb5 Qg7 55.Qxa5+ Kb7
56.Qb5 Qg4 57.a5 Qxe4+ 58.Kd2 Qxd5+ 59.Ke1 Qe4+ 60.Kf2 Qd4+ 61.Kg2 Qe4+ 62.Kf2 Qd4+
63.Kg2 Qe4+ 64.Kh2 Qc2+ 65.Kg1 Qd1+ 66.Kh2 Qc2+ 67.Kg1  1/2-1/2

[Event "KNSB TCh-NED 2007-8"]
[Site "Netherlands NED"]
[Date "2007.10.06"]
[Round "2"]
[White "L'Ami,E"]
[Black "Wantola,I"]
[Result "1-0"]
[WhiteElo "2577"]
[BlackElo "2226"]

1.d4 Nf6 2.c4 e6 3.Nc3 Bb4 4.Nf3 b6 5.Bg5 h6 6.Bh4 Bb7 7.Qc2 O-O 8.e3 d5
9.cxd5 exd5 10.Bd3 Re8 11.Ne5 c5 12.O-O cxd4 13.exd4 Be7 14.Bb5 Nfd7 15.Qf5 Nxe5
16.Bxe8 Bxh4 17.Qxe5 Bf6 18.Qe3 Na6 19.Ba4 Nc7 20.Rfe1 Ne6 21.Rad1 Rc8 22.Bc2 Rc4
23.Bf5 Rxd4 24.Bxe6 Rxd1 25.Bxf7+ Kxf7 26.Qe6+ Kf8 27.Rxd1 d4 28.Ne4 Bd5
29.Qf5 Bxa2 30.Nxf6 Qxf6 31.Qxf6+ gxf6 32.Rxd4 Be6 33.f3 Ke7 34.Rh4 a5 35.Rxh6 b5
36.Kf2 a4 37.Ke3 b4 38.Rh4  1-0

[Event "TCh-BEL 2007-8"]
[Site "Belgium BEL"]
[Date "2007.10.07"]
[Round "1"]
[White "Lamby,P"]
[Black "Litwak,A"]
[Result "1-0"]
[WhiteElo "2244"]
[BlackElo "2298"]

1.d4 Nf6 2.c4 e6 3.Nc3 Bb4 4.Nf3 b6 5.Bg5 Bb7 6.e3 h6 7.Bh4 g5 8.Bg3 Ne4
9.Qc2 Bxc3+ 10.bxc3 d6 11.Bd3 f5 12.d5 Nd7 13.Bxe4 fxe4 14.Qxe4 Qf6 15.Qxe6+ Qxe6
16.dxe6 Nc5 17.h4 g4 18.Nd4 Bxg2 19.Rg1 Bf3 20.h5 O-O-O 21.Bh4 Rde8 22.e7 Rh7
23.Nxf3 gxf3 24.O-O-O Ne4 25.Kc2 Kd7 26.Rg4 Rexe7 27.Rd4 Ng5 28.Bxg5 hxg5
29.Rxg5 Ke6 30.Kd3 Ref7 31.Re4+ Kd7 32.Reg4 Ke6 33.Ke4 a5 34.Rf4 Rxf4+ 35.Kxf4 Kf6
36.Rf5+ Kg7 37.Kg5 Rh8 38.Rxf3 Re8 39.h6+ Kg8 40.Kg6 Re6+ 41.Rf6 Re7 42.a4  1-0

[Event "FSGM October"]
[Site "Budapest HUN"]
[Date "2007.10.08"]
[Round "3"]
[White "Fodor,T jr"]
[Black "Szabo,Krisz1"]
[Result "1/2-1/2"]
[WhiteElo "2422"]
[BlackElo "2492"]

1.d4 Nf6 2.c4 e6 3.Nc3 Bb4 4.Nf3 c5 5.g3 Ne4 6.Qd3 Qa5 7.Bd2 Nxd2 8.Qxd2 cxd4
9.Nxd4 Bxc3 10.Qxc3 Qxc3+ 11.bxc3 Ke7 12.Bg2 Na6 13.a4 Nc5 14.a5 a6 15.O-O Rd8
16.Rfd1 d6 17.Rab1 Ra7 18.Rb4 Rd7 19.Rdb1 Rc7 20.Nc2 Bd7 21.Ne1 e5 22.Bd5 Be6
23.Nd3 Bf5 24.Rd1 Bc8 25.Rdb1 Bf5 26.Rd1 Bc8 27.Rdb1  1/2-1/2

[Event "Open"]
[Site "Hoogeveen NED"]
[Date "2007.10.12"]
[Round "1"]
[White "L'Ami,E"]
[Black "Humphrey,J"]
[Result "1-0"]
[WhiteElo "2577"]
[BlackElo "2284"]

1.d4 Nf6 2.c4 e6 3.Nc3 Bb4 4.Nf3 c5 5.g3 cxd4 6.Nxd4 Ne4 7.Qd3 Nxc3 8.bxc3 Be7
9.Bg2 Na6 10.O-O Nc5 11.Qe3 Qa5 12.Nb5 a6 13.Ba3 d6 14.Bb4 Qb6 15.Nd4 O-O
16.Nb3 a5 17.Ba3 Bd7 18.Nxc5 dxc5 19.Rab1 Qa6 20.Bxb7  1-0

[Event "Open"]
[Site "Hoogeveen NED"]
[Date "2007.10.13"]
[Round "2"]
[White "Fayard,A"]
[Black "Van Weersel,A"]
[Result "1/2-1/2"]
[WhiteElo "2360"]
[BlackElo "2174"]

1.d4 Nf6 2.c4 e6 3.Nc3 Bb4 4.Nf3 b6 5.Bg5 Bb7 6.e3 h6 7.Bh4 O-O 8.Qc2 d5
9.cxd5 Bxd5 10.Be2 Nbd7 11.O-O Bxc3 12.bxc3 c5 13.Ne5 Qc8 14.Nxd7 Nxd7 15.Rac1 Bb7
16.c4 cxd4 17.exd4 e5 18.d5 Qc7 19.Be7 Rfe8 20.d6 Qc6 21.f3 Nc5 22.Qf5 Ne6
23.Qxe5 Qc5+ 24.Qxc5 Nxc5 25.Rfd1 Bc6 26.Bf1 Rac8 27.Kf2 Bd7 28.Rc3 Be6 29.Re3 Nd7
30.Rd4 Rc6 31.g3 Rec8 32.Rxe6 fxe6 33.Bh3 Kf7 34.Re4 Nc5 35.Rf4+ Kg8 36.Rd4 Kf7
37.Rf4+ Kg8 38.Rd4 Kf7 39.f4 Nd7 40.Re4 Nc5 41.Re3 Re8 42.f5 Rxe7 43.dxe7 Kxe7
44.fxe6 Rd6 45.Ke2  1/2-1/2

[Event "Open"]
[Site "Hoogeveen NED"]
[Date "2007.10.16"]
[Round "5"]
[White "L'Ami,E"]
[Black "Gofshtein,Z"]
[Result "1-0"]
[WhiteElo "2577"]
[BlackElo "2541"]

1.d4 Nf6 2.c4 e6 3.Nc3 Bb4 4.Nf3 c5 5.g3 cxd4 6.Nxd4 Ne4 7.Qd3 Bxc3+ 8.bxc3 Nc5
9.Qf3 d6 10.Bg2 Nbd7 11.Qg4 O-O 12.Bh6 Qf6 13.Bg5 Qg6 14.Qh4 a6 15.O-O Nf6
16.Bxf6 Qxf6 17.Qxf6 gxf6 18.Nb3 Rd8 19.Nxc5 dxc5 20.Rfd1 Rd7 21.Rxd7 Bxd7
22.Bxb7 Ra7 23.Rb1 a5 24.Rb6 Ba4 25.f3 Bd1 26.Kf2 a4 27.Be4 f5 28.Bd3 a3
29.Rb5 Ba4 30.Rxc5 Kf8 31.Rc8+ Ke7 32.Rb8 Kd6 33.Ke3 h6 34.Kd4 Kc7 35.Rb4 f6
36.f4 Bc6 37.c5 Ra8 38.e4 Rd8+ 39.Ke3 fxe4 40.Bxe4 Rd1 41.Bxc6 Kxc6 42.Ra4 Rh1
43.h4 Kxc5 44.Rxa3 Rg1 45.Kf3 Rf1+ 46.Kg4 f5+ 47.Kh3 Rc1 48.Rb3 Kd5 49.a4 Ra1
50.Rb4 h5 51.c4+ Kc6 52.Kg2 Ra2+ 53.Kf3 Ra3+ 54.Kf2 Ra2+ 55.Ke3 Ra3+ 56.Kd4 Rxg3
57.a5 Ra3 58.Rb6+ Kd7 59.a6 Ra5 60.Kc3 e5 61.Kb4 Ra1 62.fxe5 f4 63.Rf6 f3
64.Rxf3 Rxa6 65.Rf7+  1-0

[Event "WJun"]
[Site "Yerevan ARM"]
[Date "2007.10.16"]
[Round "13"]
[White "Vovk,Y"]
[Black "Rohit,G"]
[Result "1-0"]
[WhiteElo "2561"]
[BlackElo "2491"]

1.d4 Nf6 2.c4 e6 3.Nc3 Bb4 4.Nf3 b6 5.Bg5 Bb7 6.Nd2 c5 7.d5 Bxc3 8.bxc3 Qe7
9.e4 d6 10.Bd3 Nbd7 11.O-O h6 12.Be3 O-O 13.Kh1 Ne5 14.Be2 b5 15.dxe6 Qxe6
16.cxb5 Nxe4 17.Nxe4 Bxe4 18.a4 Rfe8 19.Re1 Rad8 20.f3 Ba8 21.Bf2 Qf6 22.Qd2 Re6
23.Bg3 Rde8 24.f4 Ng6 25.Bg4 Nxf4 26.Rf1 Nxg2 27.Rxf6 Rxf6 28.Kg1 Rg6 29.Bd7 Nh4
30.Rf1  1-0

[Event "Open"]
[Site "Hoogeveen NED"]
[Date "2007.10.19"]
[Round "8"]
[White "Fayard,A"]
[Black "Van Eijk,S"]
[Result "1/2-1/2"]
[WhiteElo "2360"]
[BlackElo "2275"]

1.d4 Nf6 2.c4 e6 3.Nc3 Bb4 4.Nf3 Ne4 5.Qb3 Bxc3+ 6.bxc3 b6 7.g3 Bb7 8.Bg2 Nc6
9.c5 Na5 10.Qb4 O-O 11.O-O Bd5 12.Ne5 d6 13.cxd6 cxd6 14.c4 Bb7 15.Nd3 Rc8
16.Nb2 Nc6 17.Qa3 Nf6 18.Rd1 Qc7 19.Bg5 Na5 20.f3 Rfe8 21.Rac1 Nd7 22.Bd2 e5
23.e3 Nc6 24.Qd3 Ne7 25.Bb4 Nc6 26.Ba3 Na5 27.e4 Ba6 28.dxe5 Nxe5 29.Qxd6 Qxd6
30.Bxd6 Nexc4 31.Nxc4 Rxc4 32.Bf1 Rxc1 33.Rxc1 Bxf1 34.Kxf1 h6 35.Rc7 Rd8
36.e5 a6 37.Ke2 b5 38.Ra7 Nc4 39.Rxa6 Nxe5 40.Bxe5 Re8 41.f4 f6 42.Ke3 fxe5
43.f5 Rc8 44.Ke4 Rc2 45.Kxe5  1/2-1/2

[Event "TCh-BEL 2007-8"]
[Site "Belgium BEL"]
[Date "2007.10.21"]
[Round "2"]
[White "Lamby,P"]
[Black "Tjiam,D"]
[Result "1/2-1/2"]
[WhiteElo "2244"]
[BlackElo "2382"]

1.d4 Nf6 2.c4 e6 3.Nc3 Bb4 4.Nf3 b6 5.Bg5 Bb7 6.e3 h6 7.Bh4 Bxc3+ 8.bxc3 d6
9.Bd3 Nbd7 10.O-O Qe7 11.Nd2 g5 12.Bg3 h5 13.f3 O-O-O 14.Qa4 Kb8 15.c5 dxc5
16.Ba6 h4 17.Bxb7 Kxb7 18.Be1 Nb8 19.Rb1 Nfd7 20.e4 e5 21.d5 Rdg8 22.h3 Rh6
23.Rb3 a6 24.Bf2 Kc8 25.c4 Nf6 26.Re1 Ne8 27.Nf1 Rhh8 28.Ne3 Nd6 29.Rc1 f6
30.Ng4 Nb7 31.Ne3 Nd6 32.Ng4  1/2-1/2

[Event "ch-Euro Blitz"]
[Site "Ajaccio FRA"]
[Date "2007.10.26"]
[Round "26"]
[White "Bareev,E"]
[Black "Levacic,D"]
[Result "1-0"]
[WhiteElo "2653"]
[BlackElo "2253"]

1.d4 Nf6 2.c4 e6 3.Nc3 Bb4 4.Nf3 b6 5.Bg5 h6 6.Bh4 g5 7.Bg3 Ne4 8.Qc2 Bb7
9.e3 Bxc3+ 10.bxc3 f5 11.Bd3 d6 12.d5 Nd7 13.O-O Qf6 14.Nd2 Nec5 15.Nb3 e5
16.Nxc5 bxc5 17.Qa4 O-O 18.f3 Bc8 19.e4 Qg6 20.Qa5 Qe8 21.Rab1 Qe7 22.h3 h5
23.Bf2 Kg7 24.h4 fxe4 25.fxe4 g4 26.Bg3 Rf4 27.Rb2 Rxe4 28.Bf2 Re3 29.Be4 Rxe4
30.Kh2 Rxc4 31.Bg3 Rf4 32.Rbf2 Rxf2 33.Rxf2 Bb7 34.c4 Rh8 35.Kg1 a6 36.a4 Bc8
37.Rf1 Rf8 38.Ra1 Qf7 39.Qb5 Qxd5 40.Qxd7+ Kg6 41.Kh2 Qd4 42.Rf1 Qd5 43.Qh7+  1-0

[Event "ch-Euro Blitz"]
[Site "Ajaccio FRA"]
[Date "2007.10.26"]
[Round "28"]
[White "Bareev,E"]
[Black "Van Wely,L"]
[Result "1-0"]
[WhiteElo "2653"]
[BlackElo "2679"]

1.d4 Nf6 2.c4 e6 3.Nc3 Bb4 4.Nf3 c5 5.g3 O-O 6.Bg2 Ne4 7.Bd2 Nxd2 8.Qxd2 cxd4
9.Nxd4 Nc6 10.O-O Ne5 11.b3 Qa5 12.Rac1 a6 13.Rfd1 Rb8 14.a4 d6 15.Qb2 Qb6
16.e3 Bd7 17.Na2 Bc5 18.Qc3 Nc6 19.Nxc6 bxc6 20.b4 Bxb4 21.Rxd6 Be8 22.c5 f5
23.Bf1 Qd8 24.Rxd8 Kf7 25.Kg2 Ke7 26.Rc8 e5 27.h4 e4 28.g4 fxg4 29.Kg3 Bg6
30.Rxf8  1-0